Statistics for Crossword - Flags

Click here to take the quiz!

General Stats

  • This quiz has been taken 2,173 times
  • The average score is 24 of 28

Answer Stats

A/DClueAnswer% Correct
DownBrazil
98%
AcrossChina
98%
AcrossAustralia
97%
AcrossIndia
97%
DownRussia
96%
AcrossUkraine
96%
DownKenya
94%
DownNetherlands
93%
DownCuba
91%
AcrossFiji
91%
AcrossNorth Macedonia
91%
AcrossAustria
90%
AcrossIndonesia
90%
AcrossSyria
89%
DownSerbia
88%
AcrossUganda
88%
DownLatvia
87%
DownMali
87%
DownYemen
87%
DownLaos
86%
AcrossTogo
85%
DownPalau
84%
DownMauritania
79%
DownDominica
78%
DownRwanda
78%
AcrossMarshall Islands
77%
Mystery WordSuriname
69%
AcrossGambia
66%

Score Distribution

Percentile by Number Answered

Percent of People with Each Score

Your Score History

You have not taken this quiz